| 000 | 00515nam a2200193Ia 4500 | ||
|---|---|---|---|
| 005 | 20250326145200.0 | ||
| 008 | 250326s9999 xx 000 0 und d | ||
| 037 | _aTextbook | ||
| 040 |
_aFMSL _beng _cFMSL |
||
| 041 |
_aeng _2eng |
||
| 084 |
_aX:(R4) Q0 _qFMSL |
||
| 100 |
_aGasper D _9735270 |
||
| 245 | 0 |
_aDevelopment ethics _cGasper D; Clair A L |
|
| 260 |
_aEngland _bEngland, Ashgate _c2010 |
||
| 365 | _b11760 | ||
| 650 | _aManagement | ||
| 942 |
_cTB _hX:(R4) Q0 |
||
| 999 |
_c1306667 _d1306667 |
||